ბათუმის შოთა რუსთაველის სახელმწიფო უნივერსიტეტის ბიბლიოთეკა

Основы общей топологии в задачах и упражнениях (ბიბ.ჩანაწერი № 47927)

000 -LEADER
fixed length control field 00604nam a2200193Ia 4500
001 - CONTROL NUMBER
control field 14804
003 - CONTROL NUMBER IDENTIFIER
control field GE_BSU
008 - FIXED-LENGTH DATA ELEMENTS--GENERAL INFORMATION
fixed length control field 181216s||||||||xx |||||||||||||| ||und||
040 ## - CATALOGING SOURCE
Transcribing agency GE_BSU
080 ## - UNIVERSAL DECIMAL CLASSIFICATION NUMBER
Universal Decimal Classification number 515.12
100 ## - MAIN ENTRY--PERSONAL NAME
Personal name Архангельский, В.А. Пономарев,В.И.
245 ## - TITLE STATEMENT
Title Основы общей топологии в задачах и упражнениях
260 ## - PUBLICATION, DISTRIBUTION, ETC.
Place of publication, distribution, etc. Москва
260 ## - PUBLICATION, DISTRIBUTION, ETC.
Name of publisher, distributor, etc. Наука
260 ## - PUBLICATION, DISTRIBUTION, ETC.
Date of publication, distribution, etc. 1974
300 ## - PHYSICAL DESCRIPTION
Extent 424стр.22см.
653 ## - INDEX TERM--UNCONTROLLED
Uncontrolled term Основы общей топологии в задачах и упражнениях
942 ## - ADDED ENTRY ELEMENTS (KOHA)
Koha item type წიგნი
ეგზემპლარები
Withdrawn status Lost status Damaged status Not for loan Date acquired Barcode Date last seen Price effective from Koha item type
        2018-12-17 15222 2018-12-17 2018-12-17 წიგნი